[Event "2017 Oceania Zone 3.6 Zonal Championshi"]
[Site "Auckland NZL"]
[Date "2017.01.16"]
[Round "4.37"]
[White "Borg, Zen"]
[Black "Zhang, William Jiewen"]
[Result "0-1"]
[WhiteElo "1709"]
[BlackElo "1856"]
[PlyCount "72"]
[EventDate "2017.01.14"]

1. d4 e6 2. c4 f5 3. Nf3 Nf6 4. Nc3 Bb4 5. a3 Bxc3+ 6. bxc3 O-O 7. Bg5 b6 8. e3
Bb7 9. Be2 d6 10. O-O Nbd7 11. Qb3 Qe7 12. Nh4 Qf7 13. Bf3 Ne4 14. Rfd1 h6 15.
Bf4 g5 16. Bg3 gxh4 17. Bxh4 Qg6 18. d5 Ndc5 19. Qc2 e5 20. Rac1 Bc8 21. Qe2
Nf6 22. Bxf6 Qxf6 23. g3 e4 24. Bg2 Nd3 25. Rc2 Ba6 26. Qd2 Bxc4 27. Bf1 Bb3
28. Bxd3 exd3 29. Qxd3 Bxc2 30. Qxc2 Rae8 31. Rd4 Re5 32. Qa4 a5 33. Qc6 Qf7
34. c4 Re4 35. Rd3 Qg7 36. Kg2 f4 0-1

[Event "2017 Oceania Zone 3.6 Zonal Championshi"]
[Site "Auckland NZL"]
[Date "2017.01.16"]
[Round "4.38"]
[White "Mukkattu, Philip"]
[Black "Rains, Timothy"]
[Result "0-1"]
[WhiteElo "1705"]
[BlackElo "1839"]
[PlyCount "132"]
[EventDate "2017.01.14"]

1. d4 e6 2. c4 c5 3. d5 exd5 4. cxd5 d6 5. e4 g6 6. Nf3 Bg4 7. h3 Bxf3 8. Qxf3
Bg7 9. Nc3 Nf6 10. Bg5 O-O 11. Bd3 a6 12. Qe3 Re8 13. O-O b5 14. Rae1 Qc7 15.
Qd2 Nbd7 16. Bh6 Bh8 17. Bf4 Rab8 18. Re2 c4 19. Bc2 Nh5 20. Bh2 Nc5 21. g4 Nf6
22. e5 Nfd7 23. e6 Ne5 24. f4 Ned3 25. f5 fxe6 26. dxe6 Bd4+ 27. Kh1 Qc6+ 28.
Rg2 Rb7 29. Bg3 b4 30. Bxd3 Nxd3 31. Ne2 Bxb2 32. Nf4 Nxf4 33. Bxf4 Be5 34.
Bxe5 dxe5 35. Re1 c3 36. Qc2 Rd8 37. Kh2 Qd6 38. Qe4 Rc7 39. fxg6 h6 40. Rc2
Qxe6 41. Qxb4 Qc4 42. Qxc4+ Rxc4 43. Rxe5 Rd2+ 44. Rxd2 cxd2 45. Rd5 Rc2 46.
Kg3 Rxa2 47. Rd7 Rb2 48. Kh4 Rb7 49. Rxd2 Kg7 50. Rd6 Ra7 51. g5 a5 52. Kh5
hxg5 53. Kxg5 a4 54. h4 a3 55. h5 Ra5+ 56. Kg4 a2 57. Rd7+ Kf6 58. Rf7+ Ke6 59.
Rf1 a1=Q 60. Rxa1 Rxa1 61. Kg5 Ra5+ 62. Kh6 Kf6 63. g7 Kf7 64. g8=Q+ Kxg8 65.
Kg6 Ra6+ 66. Kg5 Kh7 0-1

[Event "2017 Oceania Zone 3.6 Zonal Championshi"]
[Site "Auckland NZL"]
[Date "2017.01.16"]
[Round "4.39"]
[White "Shen, Kevin"]
[Black "Maligin, William"]
[Result "0-1"]
[WhiteElo "1672"]
[BlackElo "1834"]
[PlyCount "66"]
[EventDate "2017.01.14"]

1. d4 Nf6 2. Nf3 g6 3. g3 Bg7 4. Bg2 O-O 5. c4 c6 6. Nc3 d5 7. cxd5 cxd5 8. O-O
Nc6 9. a3 Ne4 10. Bf4 Bf5 11. h3 Rc8 12. g4 Nxc3 13. bxc3 Be4 14. Rc1 Na5 15.
Nd2 Bxg2 16. Kxg2 Nc4 17. Nxc4 Rxc4 18. Qb3 Qd7 19. Rb1 b6 20. f3 Rfc8 21. Bd2
e5 22. e3 Qe6 23. Rbc1 Bh6 24. Rfe1 Bg5 25. Rh1 Bh4 26. Qb1 Qd6 27. f4 exf4 28.
exf4 Qxa3 29. Qb5 Rxd4 30. Rhd1 Rxd2+ 31. Rxd2 Qxc1 32. Qe2 Qxc3 33. Rd3 Qc4
0-1

[Event "2017 Oceania Zone 3.6 Zonal Championshi"]
[Site "Auckland NZL"]
[Date "2017.01.16"]
[Round "4.40"]
[White "Eade, Don"]
[Black "Wang, Aaron Ziwen"]
[Result "1-0"]
[WhiteElo "1831"]
[BlackElo "1598"]
[PlyCount "123"]
[EventDate "2017.01.14"]

1. e4 c5 2. Nf3 d6 3. d4 cxd4 4. Nxd4 Nf6 5. Nc3 a6 6. Bc4 e6 7. Bb3 b5 8. a3
Bb7 9. f3 Nc6 10. Be3 Be7 11. O-O Nxd4 12. Bxd4 O-O 13. Qe2 d5 14. Rad1 dxe4
15. fxe4 Qc7 16. e5 Nd7 17. Kh1 Nc5 18. Ba2 Rfd8 19. Qf2 Kh8 20. Bxc5 Rxd1 21.
Nxd1 Qxc5 22. Qxc5 Bxc5 23. Rxf7 Rd8 24. Nc3 b4 25. axb4 Bxb4 26. Rxb7 Bxc3 27.
g3 Bxe5 28. c3 Rd1+ 29. Kg2 Rd2+ 30. Kh3 g6 31. Bxe6 Bf6 32. Rb6 Bd8 33. Rxa6
Rxb2 34. Ra8 Rd2 35. c4 Kg7 36. Ra7+ Kf6 37. Bd5 h5 38. Ra6+ Kg7 39. Ra7+ Kf6
40. Ra6+ Kg7 41. Ra8 Bf6 42. Rg8+ Kh7 43. Rf8 Rf2 44. Rf7+ Kh6 45. c5 g5 46. g4
hxg4+ 47. Kg3 Rf4 48. Be4 Bg7 49. Re7 Rf8 50. c6 Rc8 51. Kxg4 Rg8 52. Bf5 Rd8
53. c7 Rd4+ 54. Re4 Rxe4+ 55. Bxe4 Be5 56. c8=Q Kg7 57. Qd7+ Kf6 58. Qf5+ Ke7
59. Qxe5+ Kd7 60. Bd5 Kc8 61. Qe7 Kb8 62. Qb7# 1-0

[Event "2017 Oceania Zone 3.6 Zonal Championshi"]
[Site "Auckland NZL"]
[Date "2017.01.16"]
[Round "4.41"]
[White "Renjith, Sravan"]
[Black "Lin, Kerry"]
[Result "0-1"]
[WhiteElo "1612"]
[BlackElo "1828"]
[PlyCount "90"]
[EventDate "2017.01.14"]

1. d4 f5 2. c4 e6 3. Nf3 Nf6 4. Nc3 Be7 5. e3 O-O 6. Be2 b6 7. O-O Bb7 8. b3 h6
9. Bb2 d6 10. Rc1 Nbd7 11. Bd3 Be4 12. Bxe4 fxe4 13. Nd2 d5 14. f3 exf3 15.
Nxf3 Bb4 16. Ne5 Nxe5 17. dxe5 Bxc3 18. Bxc3 Ne4 19. Rxf8+ Qxf8 20. Qf3 Qa3 21.
Qd1 Qxa2 22. Qc2 Qxc2 23. Rxc2 dxc4 24. bxc4 Nxc3 25. Rxc3 a5 26. Kf2 a4 27.
Ra3 c6 28. Ke2 b5 29. cxb5 cxb5 30. Kd2 b4 31. Ra1 b3 32. Kc3 Kf7 33. Kb2 Kg6
34. e4 Kg5 35. Ka3 Kf4 36. Re1 Kxe5 37. Re2 Kd4 38. g3 Kd3 39. Re1 Kd2 40. Rg1
e5 41. Rb1 g5 42. Rg1 g4 43. Rb1 Ke3 44. Re1+ Kf2 45. Rd1 Kg2 0-1

[Event "2017 Oceania Zone 3.6 Zonal Championshi"]
[Site "Auckland NZL"]
[Date "2017.01.16"]
[Round "4.43"]
[White "Hooton, Barry R"]
[Black "Dragalchuk, Vladislav"]
[Result "0-1"]
[WhiteElo "1478"]
[BlackElo "1800"]
[PlyCount "72"]
[EventDate "2017.01.14"]

1. d4 Nf6 2. c4 e6 3. Nc3 Bb4 4. Bd2 d5 5. e3 O-O 6. Nf3 b6 7. Rc1 Bxc3 8. Bxc3
Ne4 9. Bd3 Nd7 10. cxd5 exd5 11. O-O c5 12. b3 Nxc3 13. Rxc3 Bb7 14. Qe2 Re8
15. Bb5 Rc8 16. Rfc1 Bc6 17. Bxc6 Rxc6 18. Qc2 b5 19. dxc5 b4 20. Rd3 Rxc5 21.
Qb2 Qc7 22. Rdd1 Rc8 23. Rxc5 Qxc5 24. h3 Nf6 25. Ne5 Ne4 26. Nd3 Qb5 27. Nf4
Nc3 28. Rd4 h6 29. Qd2 Rc6 30. Kh2 Qb8 31. Kh1 Ra6 32. Nxd5 Nxd5 33. Rxd5 Qb7
34. Rd8+ Kh7 35. Qd3+ Rg6 36. Rd7 Qxg2# 0-1

[Event "2017 Oceania Zone 3.6 Zonal Championshi"]
[Site "Auckland NZL"]
[Date "2017.01.16"]
[Round "4.45"]
[White "Dai, Oliver"]
[Black "Korenevski, Oleg"]
[Result "0-1"]
[WhiteElo "1432"]
[BlackElo "1782"]
[PlyCount "26"]
[EventDate "2017.01.14"]

1. e4 e5 2. f4 d5 3. exd5 c6 4. Nf3 e4 5. Ng5 cxd5 6. d3 h6 7. Nxf7 Kxf7 8.
dxe4 Nf6 9. exd5 Bb4+ 10. c3 Re8+ 11. Be2 Bg4 12. Qb3 Bxe2 13. d6+ Bc4+ 0-1

[Event "2017 Oceania Zone 3.6 Zonal Championshi"]
[Site "Auckland NZL"]
[Date "2017.01.16"]
[Round "4.46"]
[White "Cabunagan, Tito"]
[Black "Qin, Oscar Shu Xuan"]
[Result "1-0"]
[WhiteElo "1779"]
[BlackElo "1375"]
[PlyCount "93"]
[EventDate "2017.01.14"]

1. e4 e5 2. Nf3 Nc6 3. Bb5 a6 4. Bxc6 dxc6 5. O-O Nf6 6. d4 exd4 7. e5 Nd5 8.
Qxd4 Be7 9. e6 Bxe6 10. Qxg7 Bf6 11. Qh6 Qe7 12. Bg5 O-O-O 13. Bxf6 Qxf6 14.
Qxf6 Nxf6 15. Na3 Rhg8 16. g3 h5 17. h4 Rg7 18. Ng5 Bf5 19. Rac1 Ng4 20. Rcd1
Rdg8 21. Rfe1 Rd8 22. Rxd8+ Kxd8 23. c3 b5 24. Nb1 Kd7 25. Nd2 f6 26. Nge4 Bxe4
27. Nxe4 Rg8 28. f3 Ne5 29. Nxf6+ Kd6 30. Nxg8 Nxf3+ 31. Kf2 Nxe1 32. Kxe1 Ke6
33. Kf2 Kf7 34. Kf3 Kxg8 35. Kf4 c5 36. Kg5 b4 37. c4 a5 38. Kxh5 a4 39. Kg5 c6
40. Kf5 b3 41. a3 Kf7 42. Ke5 Ke7 43. g4 Kd7 44. h5 Ke7 45. g5 Kd7 46. g6 Ke7
47. h6 1-0

[Event "2017 Oceania Zone 3.6 Zonal Championshi"]
[Site "Auckland NZL"]
[Date "2017.01.16"]
[Round "4.47"]
[White "Archer, Saffron"]
[Black "Nagorski, Alex"]
[Result "1/2-1/2"]
[WhiteElo "1417"]
[BlackElo "1771"]
[PlyCount "97"]
[EventDate "2017.01.14"]

1. e4 e5 2. Nf3 Nc6 3. Nc3 Nf6 4. d4 exd4 5. Nxd4 d6 6. Be3 Ng4 7. Qd2 Nxe3 8.
Qxe3 Be7 9. Be2 O-O 10. O-O Nxd4 11. Qxd4 Bf6 12. Qd2 Re8 13. Bd3 Bxc3 14. Qxc3
Re6 15. Rfe1 Rh6 16. g3 Bg4 17. Be2 Bd7 18. Rad1 Bc6 19. Bf1 Re6 20. e5 h5 21.
exd6 Rxd6 22. Rxd6 Qxd6 23. Qe5 Qxe5 24. Rxe5 Re8 25. Rxh5 Re1 26. f4 Rc1 27.
Rc5 Ra1 28. a3 Ra2 29. Bb5 Bxb5 30. Rxb5 b6 31. Kf2 c6 32. Rb3 c5 33. Ke2 c4
34. Rb4 c3 35. bxc3 Rxc2+ 36. Kd3 Ra2 37. Rb3 Rxh2 38. Ke4 Rd2 39. Ke3 Rg2 40.
Kf3 Rd2 41. Ke3 Rd1 42. Ke2 Rd6 43. Rb4 Kf8 44. Re4 f5 45. Rc4 Ke7 46. Rc7+ Rd7
47. Rc6 Rd6 48. Rc7+ Rd7 49. Rc6 1/2-1/2

[Event "2017 Oceania Zone 3.6 Zonal Championshi"]
[Site "Auckland NZL"]
[Date "2017.01.16"]
[Round "4.48"]
[White "Dukeson, Ryan"]
[Black "Buciu, Aurel-John"]
[Result "0-1"]
[WhiteElo "1150"]
[BlackElo "1718"]
[PlyCount "252"]
[EventDate "2017.01.14"]

1. c4 c6 2. Nc3 e6 3. g3 d5 4. cxd5 exd5 5. d4 Nf6 6. Bg2 Bd6 7. Nf3 O-O 8. O-O
Re8 9. a3 h6 10. Re1 Bf5 11. Nd2 Nbd7 12. h3 Qb6 13. e4 dxe4 14. Ndxe4 Nxe4 15.
Nxe4 Bxe4 16. Rxe4 Nf6 17. Rxe8+ Rxe8 18. Rb1 Bxa3 19. Be3 Bb4 20. d5 c5 21.
Qd3 Nd7 22. d6 Re6 23. Rd1 Ba5 24. b3 Ne5 25. Qd5 Nd7 26. Qxb7 Qxb7 27. Bxb7
Kf8 28. Bc8 Ke8 29. Bxd7+ Kxd7 30. Bxc5 Bb6 31. Bb4 Re2 32. Rf1 Rb2 33. Bc3
Rxb3 34. Be5 f6 35. Bf4 g5 36. Be3 Kxd6 37. Bxb6 axb6 38. Rd1+ Ke5 39. Re1+ Kf5
40. Kg2 b5 41. Rd1 b4 42. Rd4 Rb1 43. g4+ Ke6 44. Kg3 b3 45. Rb4 b2 46. Kg2 Kf7
47. Rb3 Kg6 48. Rb8 h5 49. gxh5+ Kxh5 50. Rh8+ Kg6 51. Rb8 Kf5 52. Rb4 Ke5 53.
Rb5+ Kd4 54. Rb8 f5 55. Rd8+ Ke4 56. Rb8 f4 57. f3+ Kd3 58. Rd8+ Ke2 59. Re8+
Kd3 60. Rd8+ Kc4 61. Rc8+ Kb5 62. Rb8+ Kc6 63. Rb3 Kd5 64. Rb8 Ke6 65. Rb3 Kf5
66. Rb5+ Kg6 67. Rb7 Kh6 68. Rb8 Kg6 69. Rb7 Ra1 70. Rxb2 Kh5 71. Rc2 Kh4 72.
Rb2 Re1 73. Rd2 Kh5 74. Ra2 Kg6 75. Ra6+ Kf5 76. Ra5+ Re5 77. Ra2 Ke6 78. Ra6+
Kd5 79. Ra5+ Kd4 80. Ra4+ Kd3 81. Ra3+ Kc4 82. Ra2 Rd5 83. Kf2 Kb3 84. Re2 Kc3
85. Ke1 Rd3 86. Rf2 Kd4 87. Ke2 Ra3 88. Ke1 Ra1+ 89. Ke2 Ra2+ 90. Ke1 Rxf2 91.
Kxf2 Kd3 92. Kg1 Ke2 93. Kg2 Ke3 94. Kg1 Kxf3 95. Kf1 Kg3 96. Kg1 f3 97. Kf1 f2
98. h4 gxh4 99. Ke2 Kg2 100. Ke3 f1=R 101. Ke4 Kg3 102. Ke3 Re1+ 103. Kd2 Re7
104. Kd3 Kf4 105. Kd2 Kf3 106. Kd1 Kf2 107. Kd2 Rd7+ 108. Kc3 Ke2 109. Kc4 Ke3
110. Kc5 Ke4 111. Kc6 Rd2 112. Kc5 Rd1 113. Kc6 Ke5 114. Kc7 Ke6 115. Kc8 Ke7
116. Kc7 Rc1+ 117. Kb6 Kd6 118. Kb5 Rc8 119. Kb4 Kd5 120. Kb3 Kd4 121. Kb2 Kd3
122. Kb1 Rc2 123. Ka1 Rg2 124. Kb1 Kc3 125. Ka1 Kb3 126. Kb1 Rg1# 0-1

[Event "2017 Oceania Zone 3.6 Zonal Championshi"]
[Site "Auckland NZL"]
[Date "2017.01.16"]
[Round "4.49"]
[White "Booth, Anthony J"]
[Black "Yuan, Kimberley"]
[Result "1-0"]
[WhiteElo "1716"]
[BlackElo "962"]
[PlyCount "45"]
[EventDate "2017.01.14"]

1. e4 c6 2. d4 d5 3. Nc3 dxe4 4. Nxe4 Nd7 5. Nf3 Ngf6 6. Ng3 Qa5+ 7. Bd2 Qb6 8.
b3 e6 9. Bc4 Bd6 10. O-O O-O 11. Qe1 a5 12. Ne4 Nxe4 13. Qxe4 Nf6 14. Qh4 Qd8
15. Bd3 Be7 16. Rfe1 b5 17. Re5 h6 18. Bxh6 Nd7 19. Bg5 g6 20. Bxe7 Qe8 21. Ng5
Nf6 22. Bxf6 Qd7 23. Qh7# 1-0

[Event "2017 Oceania Zone 3.6 Zonal Championshi"]
[Site "Auckland NZL"]
[Date "2017.01.16"]
[Round "4.52"]
[White "Picken, Oliver"]
[Black "Yung, Cameron"]
[Result "1-0"]
[WhiteElo "1853"]
[BlackElo "1862"]
[PlyCount "125"]
[EventDate "2017.01.14"]

1. e4 e5 2. Nf3 Nc6 3. Nc3 Bc5 4. Nxe5 Nxe5 5. d4 Bd6 6. dxe5 Bxe5 7. f4 Bd6 8.
Be3 Nh6 9. Be2 O-O 10. O-O Be7 11. Nd5 d6 12. f5 Bg5 13. Bxg5 Qxg5 14. Nxc7 Rb8
15. Nd5 Kh8 16. Qd4 b6 17. Rf3 Qd8 18. f6 g6 19. Raf1 Bg4 20. Qe3 Ng8 21. Rf4
Be6 22. Nc3 Qc7 23. Rh4 Qc5 24. Qf2 Rfc8 25. Rf4 a5 26. Kh1 Qxf2 27. R4xf2 Rc5
28. a4 Re8 29. Bb5 Rd8 30. h3 Rh5 31. Kg1 Rg5 32. Kh2 Rh5 33. Rf3 Nh6 34. Kg3
Re5 35. Rd3 Ng8 36. Kf4 g5+ 37. Ke3 h6 38. g4 Kh7 39. Rd2 d5 40. Rdd1 Kg6 41.
Kd4 Rxe4+ 42. Nxe4 dxe4+ 43. Kxe4 Rc8 44. Ba6 Rc5 45. Rd6 Nxf6+ 46. Kf3 Nd5 47.
c4 Nf4 48. Rxb6 Nxh3 49. b4 axb4 50. Rxb4 Nf4 51. Rd1 f5 52. gxf5+ Rxf5 53. Ke4
Kf6 54. Rb5 h5 55. Rd6 Rxb5 56. cxb5 Ke7 57. Rd2 Bb3 58. a5 Bc4 59. Kf5 Ne6 60.
Bc8 Nc5 61. b6 Na6 62. Kxg5 Nb8 63. Kxh5 1-0

[Event "2017 Oceania Zone 3.6 Zonal Championshi"]
[Site "Auckland NZL"]
[Date "2017.01.16"]
[Round "4.53"]
[White "Hair, Philip I"]
[Black "Nylund, Timothy"]
[Result "1-0"]
[WhiteElo "1877"]
[BlackElo "1346"]
[PlyCount "75"]
[EventDate "2017.01.14"]

1. e4 c5 2. Nc3 d6 3. g3 Nc6 4. Bg2 Nf6 5. d3 g6 6. h3 Bg7 7. Be3 O-O 8. Qd2 e6
9. Bh6 Nd4 10. Bxg7 Kxg7 11. Nce2 Qb6 12. c3 Nc6 13. f4 e5 14. g4 Rd8 15. f5 d5
16. g5 Nh5 17. f6+ Kg8 18. exd5 Na5 19. c4 Bf5 20. b3 Rd6 21. Be4 Bxe4 22. dxe4
Nc6 23. Rc1 Nd4 24. Nxd4 Ng3 25. Nb5 Nxh1 26. Nxd6 Qxd6 27. Qg2 Qa6 28. Rc2
Qa5+ 29. Kd1 Rd8 30. Qxh1 b5 31. Qg2 bxc4 32. Rxc4 a6 33. Nf3 Qc7 34. Ne1 Kf8
35. Nd3 Rc8 36. Nxc5 Qxc5 37. Rxc5 Rxc5 38. Qf2 1-0

[Event "2017 Oceania Zone 3.6 Zonal Championshi"]
[Site "Auckland NZL"]
[Date "2017.01.17"]
[Round "5.1"]
[White "Smirnov, Anton"]
[Black "Dale, Ari"]
[Result "1/2-1/2"]
[WhiteElo "2519"]
[BlackElo "2333"]
[PlyCount "51"]
[EventDate "2017.01.14"]

1. d4 Nf6 2. Nf3 g6 3. g3 Bg7 4. Bg2 d5 5. c3 O-O 6. O-O b6 7. Bf4 Bb7 8. a4 c5
9. Qb3 Qc8 10. Nbd2 Nc6 11. Ne5 cxd4 12. Nxc6 Qxc6 13. cxd4 Rfc8 14. a5 Ba6 15.
Rfe1 e6 16. axb6 axb6 17. e4 Nxe4 18. Nxe4 Bc4 19. Qb4 Rxa1 20. Rxa1 dxe4 21.
Rc1 Bf8 22. Qe1 Qd7 23. Bxe4 Ba2 24. Rxc8 Qxc8 25. Qc3 Qxc3 26. bxc3 1/2-1/2

[Event "2017 Oceania Zone 3.6 Zonal Championshi"]
[Site "Auckland NZL"]
[Date "2017.01.17"]
[Round "5.2"]
[White "Zelesco, Karl"]
[Black "Illingworth, Max"]
[Result "0-1"]
[WhiteElo "2345"]
[BlackElo "2481"]
[PlyCount "90"]
[EventDate "2017.01.14"]

1. f4 d5 2. Nf3 g6 3. c4 e6 4. g3 Bg7 5. Bg2 Ne7 6. O-O O-O 7. Na3 c5 8. d3
Nbc6 9. e3 b6 10. Qe2 Bb7 11. Rd1 e5 12. cxd5 Nxd5 13. Nc4 exf4 14. e4 Re8 15.
gxf4 Qc7 16. Qd2 Nd4 17. Kh1 Nxf3 18. Bxf3 Nb4 19. Qe2 f5 20. a3 Nc6 21. Be3 b5
22. Nd2 Bxb2 23. Nb3 Bxa1 24. Rxa1 fxe4 25. dxe4 c4 26. Nc5 Rad8 27. Qb2 Ba8
28. Qxb5 Qf7 29. Bg2 Nd4 30. Qb2 Nb3 31. Re1 Rc8 32. Qf2 Nxc5 33. Bxc5 c3 34.
Bd4 Rc4 35. f5 c2 36. Qe3 Rd8 37. fxg6 hxg6 38. Bb2 Rd1 39. Qe2 Rxe1+ 40. Qxe1
Bxe4 41. h3 Qb7 42. Qd2 Bxg2+ 43. Kh2 Qxb2 44. Qd8+ Kh7 45. Qe7+ Qg7 0-1

[Event "2017 Oceania Zone 3.6 Zonal Championshi"]
[Site "Auckland NZL"]
[Date "2017.01.17"]
[Round "5.4"]
[White "Wheeler, Bruce"]
[Black "Gong, Patrick"]
[Result "0-1"]
[WhiteElo "2120"]
[BlackElo "2303"]
[PlyCount "60"]
[EventDate "2017.01.14"]

1. e4 d6 2. d4 Nf6 3. Bd3 g6 4. f4 Bg7 5. Nf3 O-O 6. O-O Na6 7. c3 c5 8. Nbd2
Rb8 9. Qe1 Qc7 10. a3 b5 11. Qh4 cxd4 12. cxd4 b4 13. e5 Nh5 14. Ne4 f5 15.
exf6 exf6 16. f5 bxa3 17. Rxa3 Nb4 18. Bb1 Bxf5 19. g4 Bxg4 20. Qxg4 f5 21. Qh4
fxe4 22. Bxe4 Rbe8 23. Bd2 Qb6 24. Bxb4 Qxb4 25. Bd5+ Kh8 26. Rxa7 Rf4 27. Re7
Ref8 28. Qe1 Qb5 29. Bb7 d5 30. Qe3 Bxd4 0-1

[Event "2017 Oceania Zone 3.6 Zonal Championshi"]
[Site "Auckland NZL"]
[Date "2017.01.17"]
[Round "5.5"]
[White "Chan, Luis"]
[Black "Lane, Gary W"]
[Result "1/2-1/2"]
[WhiteElo "2135"]
[BlackElo "2404"]
[PlyCount "43"]
[EventDate "2017.01.14"]

1. d4 d5 2. c4 dxc4 3. Nf3 Nf6 4. e3 b5 5. a4 b4 6. Bxc4 e6 7. O-O Be7 8. Nbd2
Bb7 9. Qc2 Nbd7 10. b3 O-O 11. Bb2 c5 12. Rfd1 h6 13. e4 cxd4 14. Bxd4 Nc5 15.
e5 Nd5 16. Ne4 Nd7 17. Rac1 a5 18. Qe2 Rc8 19. Bb5 Nf4 20. Qe3 Nd5 21. Qe2 Nf4
22. Qe3 1/2-1/2

[Event "2017 Oceania Zone 3.6 Zonal Championshi"]
[Site "Auckland NZL"]
[Date "2017.01.17"]
[Round "5.6"]
[White "Hague, Ben"]
[Black "Chan, Kris"]
[Result "1-0"]
[WhiteElo "2333"]
[BlackElo "2120"]
[PlyCount "53"]
[EventDate "2017.01.14"]

1. e4 e6 2. d4 d5 3. Nc3 Bb4 4. e5 c5 5. a3 Bxc3+ 6. bxc3 Qa5 7. Bd2 Qa4 8. Qg4
Kf8 9. Nf3 Ne7 10. h3 Nbc6 11. dxc5 Qe4+ 12. Qxe4 dxe4 13. Ng5 Nxe5 14. Nxe4
Bd7 15. Bd3 Bc6 16. O-O-O Rd8 17. Bf4 N7g6 18. Be3 Ke7 19. Rhe1 h6 20. f4 Nc4
21. Bd4 Nxa3 22. Bxg7 Bxe4 23. Rxe4 Rh7 24. Be5 a6 25. Bd6+ Kf6 26. Rd4 Rg8 27.
c4 1-0

[Event "2017 Oceania Zone 3.6 Zonal Championshi"]
[Site "Auckland NZL"]
[Date "2017.01.17"]
[Round "5.7"]
[White "Ker, Anthony F"]
[Black "Kethro, Michael"]
[Result "1-0"]
[WhiteElo "2300"]
[BlackElo "2091"]
[PlyCount "72"]
[EventDate "2017.01.14"]

1. d4 Nf6 2. c4 g6 3. Nc3 Bg7 4. e4 d6 5. h3 O-O 6. Nf3 Na6 7. Bg5 Qe8 8. Be2
e5 9. d5 Nh5 10. g3 f6 11. Bd2 f5 12. exf5 e4 13. Nh2 e3 14. fxe3 Nxg3 15. Rg1
Nxf5 16. Nf1 Bf6 17. Qc2 Nb4 18. Qb3 Bh4+ 19. Kd1 Bf2 20. Rg4 Na6 21. Ne4 Nd4
22. Qd3 Nxe2 23. Kxe2 Bxg4+ 24. hxg4 Nc5 25. Nxc5 dxc5 26. Bc3 Qd7 27. Kd2 Qxg4
28. Kc2 Rae8 29. d6 cxd6 30. Qxd6 Bh4 31. Nd2 Rxe3 32. Rh1 Qf5+ 33. Kb3 Bf6 34.
Qh2 h5 35. Rf1 Bxc3 36. bxc3 Qe5 1-0

[Event "2017 Oceania Zone 3.6 Zonal Championshi"]
[Site "Auckland NZL"]
[Date "2017.01.17"]
[Round "5.8"]
[White "Croad, Nicholas"]
[Black "Gong, Daniel Hanwen"]
[Result "0-1"]
[WhiteElo "2278"]
[BlackElo "2090"]
[PlyCount "30"]
[EventDate "2017.01.14"]

1. e4 e6 2. d4 d5 3. e5 c5 4. c3 Qb6 5. Nf3 Nc6 6. a3 Nh6 7. b4 cxd4 8. cxd4
Nf5 9. Bb2 Bd7 10. g4 Nfe7 11. Nc3 Na5 12. Nd2 Nc4 13. Bxc4 dxc4 14. Nxc4 Qc6
15. Nd6+ Kd8 0-1

[Event "2017 Oceania Zone 3.6 Zonal Championshi"]
[Site "Auckland NZL"]
[Date "2017.01.17"]
[Round "5.9"]
[White "Choong, Yita"]
[Black "Rains, Edward"]
[Result "1-0"]
[WhiteElo "2275"]
[BlackElo "2017"]
[PlyCount "37"]
[EventDate "2017.01.14"]

1. d4 Nf6 2. c4 g6 3. g3 Bg7 4. Bg2 O-O 5. Nc3 d6 6. Nf3 Nc6 7. O-O a6 8. Qd3
e5 9. dxe5 Nxe5 10. Nxe5 dxe5 11. Qxd8 Rxd8 12. Bg5 Re8 13. Nd5 Nxd5 14. cxd5
f6 15. Be3 Bf5 16. Rac1 Rac8 17. Rc3 Bf8 18. Rfc1 Bd6 19. Bc5 1-0

[Event "2017 Oceania Zone 3.6 Zonal Championshi"]
[Site "Auckland NZL"]
[Date "2017.01.17"]
[Round "5.10"]
[White "Soo-Burrowes, Eliot W"]
[Black "Ang, Alphaeus Wei Ern"]
[Result "1/2-1/2"]
[WhiteElo "2040"]
[BlackElo "2271"]
[PlyCount "84"]
[EventDate "2017.01.14"]

1. c4 Nf6 2. Nc3 g6 3. g3 Bg7 4. Bg2 d6 5. e3 O-O 6. Nge2 c6 7. O-O e5 8. d4
Nbd7 9. b3 Re8 10. Ba3 Bf8 11. Qc2 exd4 12. Nxd4 Qa5 13. Bb2 Bg7 14. Rad1 Nf8
15. Rd2 Qh5 16. Nce2 g5 17. Nf5 Ng4 18. h3 Bxf5 19. Qxf5 Nh6 20. Qc2 Re6 21.
Bxg7 Kxg7 22. Rfd1 Rd8 23. Qb2+ Kg8 24. b4 Ng6 25. Nd4 Ne5 26. Nxe6 fxe6 27. c5
g4 28. h4 d5 29. Rd4 Nf5 30. Re4 Nf3+ 31. Bxf3 gxf3 32. Qf6 Re8 33. Rf4 Qg6 34.
Qxg6+ hxg6 35. Rxf3 Kg7 36. Kg2 Rh8 37. Rf4 e5 38. Rg4 Nh6 39. Rg5 Nf7 40. Rg4
Nh6 41. Rg5 Nf7 42. Rg4 Nh6 1/2-1/2

[Event "2017 Oceania Zone 3.6 Zonal Championshi"]
[Site "Auckland NZL"]
[Date "2017.01.17"]
[Round "5.11"]
[White "Mallari, Donato"]
[Black "Smith, Robert W"]
[Result "0-1"]
[WhiteElo "2036"]
[BlackElo "2238"]
[PlyCount "74"]
[EventDate "2017.01.14"]

1. e4 c5 2. Nf3 d6 3. d4 cxd4 4. Nxd4 Nf6 5. Nc3 Nc6 6. Be2 e6 7. Be3 Be7 8.
O-O Qc7 9. Kh1 Bd7 10. f4 a6 11. Nb3 O-O 12. g4 d5 13. exd5 Nxd5 14. Nxd5 exd5
15. c3 Rad8 16. Qe1 Rfe8 17. Qf2 Bh4 18. Qg1 d4 19. cxd4 Nb4 20. Rac1 Nc2 21.
Bf3 Bc6 22. Bd2 Re2 23. Ba5 Bxf3+ 24. Rxf3 Qc6 25. Qf1 Rf2 26. Qxf2 Bxf2 27.
Kg2 Be3 28. Kg3 Bxc1 29. Nxc1 b6 30. Bc3 Nxd4 31. Re3 h6 32. Nd3 Nb5 33. Be1 a5
34. a3 f6 35. Bf2 Nd6 36. Bg1 Nc4 37. Rf3 Nd2 0-1

[Event "2017 Oceania Zone 3.6 Zonal Championshi"]
[Site "Auckland NZL"]
[Date "2017.01.17"]
[Round "5.12"]
[White "Perera, Pasan"]
[Black "Garbett, Paul A"]
[Result "0-1"]
[WhiteElo "2004"]
[BlackElo "2229"]
[PlyCount "143"]
[EventDate "2017.01.14"]

1. e4 c5 2. Nf3 e6 3. b3 Nc6 4. Bb2 d6 5. d4 cxd4 6. Nxd4 Nf6 7. Nxc6 bxc6 8.
Bd3 Be7 9. O-O e5 10. c4 O-O 11. Nc3 Bg4 12. Be2 Be6 13. Kh1 Rb8 14. Qd2 Qa5
15. Rad1 Kh8 16. f4 exf4 17. Qxf4 Qe5 18. g4 Qxf4 19. Rxf4 Nd7 20. h3 Nc5 21.
Ba3 Rfd8 22. b4 Nd7 23. b5 c5 24. Nd5 Bxd5 25. Rxd5 Kg8 26. g5 Nb6 27. Rdf5 Rf8
28. Rg4 g6 29. Rf1 f6 30. gxf6 Bxf6 31. Rgf4 Be5 32. Rxf8+ Rxf8 33. Rxf8+ Kxf8
34. Bc1 Na4 35. Bd3 Ke7 36. Kg2 Ke6 37. Bc2 Nb6 38. Bb3 Bc3 39. Bh6 Nd7 40. Kf3
Ne5+ 41. Ke2 Nf7 42. Bf4 g5 43. Be3 h5 44. a4 Ke5 45. Kd3 Ba5 46. Bd1 Kf6 47.
Be2 h4 48. Bd2 Ne5+ 49. Ke3 Bxd2+ 50. Kxd2 g4 51. Kc3 gxh3 52. Bf1 h2 53. Bg2
h3 54. Bh1 Kg5 55. a5 Kf4 56. b6 a6 57. b7 Nd7 58. Kd3 Nb8 59. Ke2 Ke5 60. Ke3
Nc6 61. Bf3 Nb8 62. Bh1 Ke6 63. Kf4 Kd7 64. e5 dxe5+ 65. Kxe5 Kc7 66. Kf4 Nd7
67. Kf5 Kb8 68. Ke6 Nb6 69. Kf5 Nd7 70. Be4 Nb6 71. Bf3 Nd7 72. Kf4 0-1

[Event "2017 Oceania Zone 3.6 Zonal Championshi"]
[Site "Auckland NZL"]
[Date "2017.01.17"]
[Round "5.33"]
[White "Wang, Tony"]
[Black "Cabunagan, Tito"]
[Result "1-0"]
[WhiteElo "1913"]
[BlackElo "1779"]
[PlyCount "155"]
[EventDate "2017.01.14"]

1. d4 d5 2. c4 Nf6 3. Nc3 c6 4. Bf4 e6 5. e3 Bd6 6. Bg3 Bxg3 7. hxg3 dxc4 8.
Bxc4 b5 9. Bd3 Bb7 10. Nf3 Nbd7 11. Qc2 g6 12. Ne4 Nxe4 13. Bxe4 Qa5+ 14. Nd2
Qb6 15. Rc1 Rc8 16. b4 Nf6 17. Bf3 Kd7 18. Nb3 Nd5 19. Bxd5 cxd5 20. Nc5+ Ke7
21. O-O Rhd8 22. Qb3 Rc6 23. Rc3 Rdc8 24. Rb1 a6 25. Qd1 Ba8 26. Qg4 Kf8 27.
Qf4 Kg8 28. Qe5 Qc7 29. Qf6 Qd8 30. Qf4 Qd6 31. Qh6 Qf8 32. Qh3 Qe8 33. f3 Qe7
34. Kf2 f5 35. f4 h5 36. Qh1 Bb7 37. Qd1 Kf7 38. Ra3 Kg8 39. Ra5 Kf7 40. Ra1
Rb6 41. Rc1 Rcc6 42. Ke2 Qc7 43. Qh1 Qe7 44. Kd2 Rc7 45. Rb1 Rbc6 46. Rb3 Rb6
47. Nd3 Rd6 48. Raa3 Kg7 49. Nc5 Rdc6 50. Qd1 Kf7 51. Rb2 Bc8 52. Ra5 Qd8 53.
Qh1 Kg7 54. Qh4 Qf6 55. Ra3 Qxh4 56. gxh4 Kf6 57. Rbb3 Ke7 58. Ra5 Rb6 59. Nd3
Rbc6 60. Nc5 Rb6 61. Rba3 Rcc6 62. Rc3 Kd6 63. Rc2 Ke7 64. Ra3 Rc7 65. Rac3
Rbc6 66. Nxa6 Rxc3 67. Nxc7 Rxc2+ 68. Kxc2 Bd7 69. Na6 Kd6 70. Nc5 Bc6 71. Kb3
Bd7 72. Nxd7 Kxd7 73. a4 Kc6 74. axb5+ Kxb5 75. Ka3 Kc4 76. Ka4 Kd3 77. b5 Kxe3
78. b6 1-0